000 00249 a2200097 4500
001 56781
100 _a
245 _aMy first book, world of Peter Rabbit, Wheel on the bus, scuffy teddy opposites
260 _aNY
_bBlackie
_c
090 _c34879
_d34879
942 _aNUST-CAE
_c
_c27645
999 _c291854
_d291854